| 000 | 00618nam a2200217 a 4500 | ||
|---|---|---|---|
| 005 | 20210219152848.0 | ||
| 008 | 991125n 000 0 eng u | ||
| 035 | _aUPN01000063852 | ||
| 222 | 0 | _aBRITISH JOURNAL OF SPECIAL EDUCATION | |
| 245 | 0 | 0 | _aAmending the 1981 act : proposals by DFE |
| 260 | _aReino Unido | ||
| 300 | _a93 | ||
| 362 | 0 | _a1992 Vol. 19, no. 3 | |
| 653 | 0 | _aACCESO A LA EDUCACION | |
| 653 | 0 | _aDEFICIENCIAS ESCOLARES | |
| 653 | 0 | _aESTUDIANTES CON NECESIDADES ESPECIALES | |
| 653 | 0 | _aLEGISLACION EDUCATIVA | |
| 653 | 0 | _aMETODO CONVENIENTE | |
| 904 |
_aAC _b001663 |
||
| 905 | _aArticulo | ||
| 999 |
_c62298 _d62298 |
||